000 00551nam a2200217 a 4500
001 BRCA_4084
005 20190320204535.0
008 180210s1959----uk-#######---#000-0#eng-#
041 _aeng
044 _aUk
050 4 _aPZ3
_b.C37 1959
100 1 _aCarr, John Dickson.
_910575
245 1 0 _aThe Waxworks Murder
_cJohn Dickson Carr.
260 _aLondres
_bPenguin Books
_c1959
300 _a219 p.
_c18 cm.
440 0 _aPenguin Books
_v158
_910576
500 _aCEF51
650 1 4 _aNovelas policĂ­acas.
_9877
902 _aGFM
942 _2lcc
_cB
999 _c3806
_d3806